| 000 | 00613cam a2200241 4500 | ||
|---|---|---|---|
| 001 | J98598 | ||
| 008 | 090401t1999 xxu||||| |||| 00| 0 eng d | ||
| 035 | _a(Sirsi) u93325 | ||
| 041 | _aeng | ||
| 050 | _a690.23 | ||
| 110 |
_aE C Harris _91524 |
||
| 245 | _aEconomics survey. - February - November 1999 | ||
| 260 |
_aLondon _bE.C. Harris _c1999 |
||
| 300 | _a3 pt. ; 30cm. | ||
| 350 | _a0 | ||
| 650 | _aCONSTRUCTION INDUSTRY | ||
| 650 | _aREGIONAL FACTORS | ||
| 650 | _aBCIS ALL-IN TENDER PRICE INDEX | ||
| 650 | _aTENDER PRICES | ||
| 690 | _aBUILT ENVIRONMENT | ||
| 942 | _n0 | ||
| 948 | _c13/05/1999 | ||
| 999 |
_c97830 _d97830 |
||